Diagnosi estratègica de la província de Barcelona : una visió sobre els reptes de futur per a un territori divers una visió sobre els reptes de futur per a un territori divers
ISBN:
84-9803-146-x
Descripción Física:
223 p. : taules ; 24 cm
Colección:
Estudis : Promoció Econòmica ; 1
MARC
| LEADER | 00000nam a2200000Ia 4500 | ||
|---|---|---|---|
| 001 | 18243 | ||
| 008 | 160829s2006 xx 000 0 cat d | ||
| 020 | |a 84-9803-146-x | ||
| 080 | |a M-5-265 | ||
| 245 | |a Diagnosi estratègica de la província de Barcelona : |b una visió sobre els reptes de futur per a un territori divers | ||
| 260 | |a Barcelona : |b Diputació de Barcelona. Àrea de Promoció Econòmica i Ocupació, |c 2006 | ||
| 300 | |a 223 p. : |b taules ; |c 24 cm | ||
| 490 | |a Estudis : Promoció Econòmica ; 1 | ||
| 650 | 0 | |a Ordenació del territori |z Barcelona (Província) |9 45062 | |
| 650 | 0 | |a Urbanisme |z Barcelona (Catalunya : Província) |9 18405 | |
| 710 | 1 | |a Barcelona (Catalunya : Província). |b Àrea de Promoció Econòmica i Ocupació |9 17540 | |
| 901 | |a Arxiu | ||
| 942 | |n 1 | ||
| 952 | |0 0 |1 0 |4 0 |6 M5265 |7 1 |9 41662 |a Arxiu |b Arxiu |d 2016-12-01 |l 0 |o M-5-265 |p 18243 |r 2016-12-01 00:00:00 |w 2016-12-01 |y ARXIU | ||
| 999 | |c 43552 |d 43552 | ||